|
|
|
|
| LEADER |
00000nam a22000007a 4500 |
| 005 |
2019082304194.0 |
| 007 |
cr|||| |||| |
| 008 |
190823s2019 es |||||s|||| 00||0 spa d |
| 020 |
|
|
|a 978-84-1324-257-6
|
| 035 |
|
|
|a 24709
|
| 040 |
|
|
|a vLex
|
| 090 |
|
|
|c 9263
|d 9263
|
| 100 |
1 |
|
|a Přez Vallejo, Ana M®
|
| 245 |
1 |
0 |
|a Estudio multidisciplinar sobre interferencias parentales
|h [Recurso electrn̤ico] /
|c Ana M® Přez Vallejo, M® Paz Antn̤ Moreno
|
| 256 |
|
|
|a Servicio en ln̕ea
|
| 260 |
|
|
|a Madrid:
|b Dykinson,
|c 2019
|
| 300 |
|
|
|a 1 recurso electrn̤ico
|
| 500 |
|
|
|a Este estudio aborda las “interferencias parentales” como problemt̀ica compleja que enfrentan los hijos e hijas en el marco de la ruptura parental. Particularmente visible en los procesos excesivamente judicializados, en los que se les involucran y hacen partc̕ipes del conflicto interparental. Desde esta p̤tica, se analizan las conductas de entorpecimiento u obstruccin̤ que interfieren las sanas de las relaciones paterno o materno-filiales. Actitudes que pueden derivar a corto, medio o largo plazo en la privacin̤ del menor de una de sus figuras parentales, generando daǫs devastadores e irreparables en los niǫs. La obra se compone de dos bloques temt̀icos. El primero aborda la parte ter̤ica, delimitando conceptos y ofreciendo una visin̤ actualizada del estado de la cuestin̤ a nivel doctrinal y jurisprudencial, con anotaciones de Derecho comparado. Y en el segundo, se analizan los aspectos psicolg̤icos que confluyen en la familia tras la ruptura. Con especial atencin̤ a la sintomatologa̕ presente en los niǫs y niąs, cuyos efectos y secuelas pueden prolongarse en su vida adulta. Para poner freno a las interferencias parentales se sientan las bases para una intervencin̤ eficaz, y garantizar el derecho los hijos a mantener relaciones con sus progenitores en casos de vida separada de štos. Recursos e instrumentos de corte psico-pedagg̤ico y legal que requieren la actuacin̤ conjunta y en paralelo de los distintos profesionales que intervienen en esta delicada trama procesal. El enfoque y anl̀isis interdisciplinar de este fenm̤eno, tanto en su vertiente ter̤ica como practica, unido a la colaboracin̤ de distintos investigadores y profesionales del Derecho, la Psicologa̕ y la Medicina, hacen de esta obra un referente para el abordaje integral de las interferencias parentales, cuyos contrastados resultados nocivos en el menor suponen otra modalidad de maltrato psicolg̤ico infantil.
|
| 506 |
1 |
|
|a Disponible solo en los productos indicados
|d vLex Global
|d vLex Global (Academic Edition, excluding Law Schools)
|d vLex Global (U.S. Academic Edition, Law Schools)
|d vLex Global (U.S. Academic Edition, excluding Law Schools)
|d vLex Global (Academic Edition, Law Schools)
|
| 650 |
0 |
4 |
|a Derecho Civil
|z Espaą
|
| 650 |
0 |
4 |
|a Familia y Sucesiones
|z Espaą
|
| 700 |
1 |
|
|a Antn̤ Moreno, M® Paz
|
| 740 |
0 |
|
|a vLex Libros (Servicio en ln̕ea)
|
| 856 |
4 |
0 |
|u http://vlex.com/source/estudio-multidisciplinar-sobre-interferencias-parentales-24709
|z Acceso restringido
|
| 942 |
|
|
|c BOOK
|
| 999 |
0 |
|
|a Civil Law
|
| 999 |
0 |
|
|a Family and Successions
|